Statistiques concernant Numéros 10 des clubs de Ligue 1 (2022-2023)

Cliquez ici pour prendre le quiz!

Statistiques générales

  • Ce quiz a été pris 377 fois
    (322 depuis la dernière actualisation)
  • Le résultat moyen est 9 sur 20

Statistiques - réponses

ClubJoueurNationalité% Correct
Paris Saint-GermainNeymarBrésilien
99%
Olympique de MarseilleDimitri PayetFrançais
95%
AS MonacoWissam Ben YedderFrançais
91%
Olympique LyonnaisAlexandre LacazetteFrançais
73%
FC NantesLudovic BlasFrançais
70%
Montpellier MHSCStephy MavididiAnglais
55%
Stade Rennais FCKamaldeen SulemanaGhanéen
54%
FC LorientEnzo Le FéeFrançais
52%
LOSC LilleRémy CabellaFrançais
52%
RC LensGaël KakutaCongolais
48%
RC Strasbourg AlsaceAdrien ThomassonFrançais
38%
Clermont Foot 63Saîf-Eddine KhaouiTunisien
34%
OGC NiceSofiane DiopFrançais
30%
Stade de ReimsArbër ZeneliKosovar
24%
ESTAC TroyesFlorian TardieuFrançais
19%
Stade Brestois 29Romain Del CastilloFrançais
19%
Toulouse FCBrecht DejaegereBelge
17%
AJ AuxerreGaëtan PerrinFrançais
14%
AC AjaccioQazim LaçiAlbanais
7%
Angers SCOHimad AbdelliFrançais
5%

Distribution des résultats

Percentile par nombre de réponses

% des personnes avec chaque résultat

Votre développement - résultats

Vous n’avez pas pris ce quiz depuis la dernière actualisation